Perfect phrases for dealing with difficult people : hundreds of ready-to-use phrases for handling conflict, confrontations, and challenging personalities /

Bibliographic Details
Main Author: Benjamin, Susan, 1957-
Format: Book
Published: New York: McGraw-Hill, 2008.
Subjects:
LEADER 00733cam a2200205 7i4500
001 0000010125
005 20151104090000.0
005 ##20151104112000.0
003 ##MY-KlINT
020 # # |a 9780071493048  
039 # 9 |y 201511041120  |z VLOAD 
090 0 0 |a 158.26   |b BEN 
100 1 # |a Benjamin, Susan,   |d 1957- 
245 1 0 |a Perfect phrases for dealing with difficult people :   |b hundreds of ready-to-use phrases for handling conflict, confrontations, and challenging personalities /   |c Susan F. Benjamin.. 
260 # # |a New York:   |b McGraw-Hill,   |c 2008. 
300 # # |a xi, 226 p;   |c 20cm. 
650 # 0 |a Interpersonal communication  
650 # 0 |a Interpersonal relations  
650 # 0 |a Conflict Management  
999 |a 0000063459  |b BOOK  |c Main Non-Fiction  |e INTAN BK